| 000 | 00355nam a2200121 4500 | ||
|---|---|---|---|
| 999 |
_c10058 _d10058 |
||
| 008 | 180730b ||||| |||| 00| 0 eng d | ||
| 100 |
_929713 _aBravo, MD, Lulu |
||
| 245 |
_aWe need to do more to beat rotavirus/ _cLulu Bravo, MD |
||
| 260 |
_aPhilippines _bThe Philippine Star _cc2016 |
||
| 300 | _apage 10. | ||
| 650 | 0 |
_929714 _aViruses. |
|
| 942 |
_2ddc _cPER |
||